[Event "ESP-chT"]
[Site "Barcelona"]
[Date "2000.08.09"]
[Round "5"]
[White "Corral Blanco, Juan Antonio"]
[Black "Campos Moreno, Javier B"]
[Result "1-0"]
[WhiteElo "2464"]
[BlackElo "2491"]
[PlyCount "109"]
[EventDate "2000.08.05"]
[EventType "team"]
[EventRounds "9"]
[EventCountry "ESP"]
[SourceTitle "CBM 077 Extra"]
[Source "ChessBase"]
[SourceDate "2000.09.14"]
[SourceVersion "1"]
[SourceVersionDate "2000.09.14"]
[SourceQuality "1"]

1. c4 e5 2. Nc3 Nf6 3. e3 Bb4 4. Nge2 c6 5. a3 Be7 6. d4 exd4 7. exd4 d5 8. Ng3 0-0 9. c5 Re8 10. Be2 h5 11. Nxh5 Nxh5 12. Bxh5 Bxc5+ 13. Be3 Bd6 14. h4 Nd7 15. Kf1 Nf8 16. Qd2 Bf5 17. Be2 Qd7 18. Rd1 Re7 19. h5 Rae8 20. Re1 Nh7 21. Rd1 Bg4 22. Rh4 f5 23. Bxg4 fxg4 24. Bf4 Rf8 25. Bxd6 Qxd6 26. Kg1 Qe6 27. Qd3 Rf4 28. g3 Rf6 29. Kg2 Ng5 30. Rhh1 Rf3 31. Qd2 Qf5 32. Rde1 Nh3 33. Nd1 Rf7 34. Re8+ Kh7 35. Rf1 Qxh5 36. Qc2+ Qf5 37. Qxf5+ R7xf5 38. Re7 Rf7 39. Rxf7 Rxf7 40. Ne3 Ng5 41. Nxg4 Nf3 42. Ne5 Nxe5 43. dxe5 g5 44. f4 gxf4 45. gxf4 Kg6 46. Kf3 Rh7 47. Rg1+ Kf7 48. f5 Rh4 49. Rg6 Re4 50. e6+ Kf8 51. Rf6+ Ke7 52. Rf7+ Kd6 53. Rxb7 a5 54. Rb3 c5 55. Re3 1-0

[Event "ESP-chT"]
[Site "Barcelona"]
[Date "2000.08.07"]
[Round "3"]
[White "Rodriguez Cespedes, Amador"]
[Black "Corral Blanco, Juan Antonio"]
[Result "1-0"]
[WhiteElo "2477"]
[BlackElo "2464"]
[PlyCount "117"]
[EventDate "2000.08.05"]
[EventType "team"]
[EventRounds "9"]
[EventCountry "ESP"]
[SourceTitle "CBM 077 Extra"]
[Source "ChessBase"]
[SourceDate "2000.09.14"]
[SourceVersion "1"]
[SourceVersionDate "2000.09.14"]
[SourceQuality "1"]

1. e4 c5 2. Nf3 Nc6 3. d4 cxd4 4. Nxd4 Nf6 5. Nc3 d6 6. g3 Qb6 7. Nb3 e6 8. Bg2 a6 9. a4 Na5 10. Be3 Qc7 11. Nxa5 Qxa5 12. 0-0 Be7 13. f4 0-0 14. Qd2 Qc7 15. a5 Bd7 16. Bb6 Qc8 17. Rfe1 Bc6 18. Nd5 exd5 19. exd5 Re8 20. dxc6 bxc6 21. c4 Rb8 22. b4 Qd7 23. Rad1 h5 24. Bd4 d5 25. Bc3 Qa7+ 26. c5 Ng4 27. h3 Nf6 28. Re5 h4 29. Rde1 hxg3 30. Qe3 Bf8 31. Qxg3 Re7 32. Kh2 Ne8 33. Bf1 Rxe5 34. fxe5 Nc7 35. Bd3 Ne6 36. h4 Ra8 37. h5 Qe7 38. Rg1 Ra7 39. Qg4 Qd8 40. h6 g6 41. Bxg6 Bxh6 42. Bf5+ Bg7 43. Bxe6 fxe6 44. Qxe6+ Rf7 45. Rg4 Qc7 46. Rf4 Bf8 47. Rf6 Qd7 48. Qxd7 Rxd7 49. Rxc6 d4 50. Bd2 Rd5 51. Rxa6 Rxe5 52. Rg6+ Kf7 53. Rg5 Re6 54. Rf5+ Ke8 55. Kg3 Re2 56. Bf4 Rb2 57. c6 Bxb4 58. c7 Kd7 59. Rd5+ 1-0

[Event "ESP-chT"]
[Site "Barcelona"]
[Date "2000.08.06"]
[Round "2"]
[White "Corral Blanco, Juan Antonio"]
[Black "Vallejo Pons, Francisco"]
[Result "1/2-1/2"]
[WhiteElo "2464"]
[BlackElo "2554"]
[PlyCount "38"]
[EventDate "2000.08.05"]
[EventType "team"]
[EventRounds "9"]
[EventCountry "ESP"]
[SourceTitle "CBM 077 Extra"]
[Source "ChessBase"]
[SourceDate "2000.09.14"]
[SourceVersion "1"]
[SourceVersionDate "2000.09.14"]
[SourceQuality "1"]

1. d4 e6 2. c4 Nf6 3. Nc3 Bb4 4. e3 b6 5. Nge2 Ba6 6. a3 Be7 7. Nf4 d5 8. cxd5 Bxf1 9. Kxf1 Nxd5 10. Ncxd5 exd5 11. Qh5 Bg5 12. Ne6 g6 13. Qxg5 fxe6 14. Qe5 Kd7 15. Qg7+ Kc8 16. Bd2 Nc6 17. Rc1 Kb7 18. Ke2 Qe7 19. Qxe7 Nxe7 1/2-1/2

[Event "ESP-chT Div 1"]
[Site "Cala Galdana"]
[Date "1999.11.16"]
[Round "9"]
[White "Comas Fabrego, Luis"]
[Black "Corral Blanco, Juan Antonio"]
[Result "1/2-1/2"]
[WhiteElo "2510"]
[BlackElo "2459"]
[PlyCount "20"]
[EventDate "1999.11.08"]
[EventType "team"]
[EventRounds "9"]
[EventCountry "ESP"]
[SourceTitle "EXT 2000"]
[Source "ChessBase"]
[SourceDate "1999.11.16"]
[SourceVersion "1"]
[SourceVersionDate "1999.11.16"]
[SourceQuality "1"]

1. d4 Nf6 2. c4 e6 3. Nf3 Bb4+ 4. Bd2 Qe7 5. g3 Nc6 6. Bg2 Bxd2+ 7. Nbxd2 d6 8. 0-0 a5 9. e4 e5 10. d5 Nb8 1/2-1/2

[Event "ESP-chT"]
[Site "Salamanca"]
[Date "1998.??.??"]
[Round "3"]
[White "Pomes Marcet, Juan"]
[Black "Corral Blanco, Juan Antonio"]
[Result "0-1"]
[WhiteElo "2395"]
[BlackElo "2440"]
[PlyCount "94"]
[EventDate "1998.09.05"]
[EventType "team"]
[EventRounds "9"]
[EventCountry "ESP"]
[SourceTitle "EXT 1999"]
[Source "ChessBase"]
[SourceDate "1998.11.16"]
[SourceVersion "1"]
[SourceVersionDate "1998.11.16"]
[SourceQuality "1"]

1. d4 Nf6 2. Bg5 e6 3. e4 h6 4. Bxf6 Qxf6 5. Nc3 Qd8 6. Qd2 d5 7. Nf3 Bb4 8. Bd3 dxe4 9. Bxe4 Nd7 10. a3 Bd6 11. Nb5 a6 12. Nxd6+ cxd6 13. c4 0-0 14. 0-0 Nf6 15. Bd3 b6 16. Rfe1 Bb7 17. Qf4 Rc8 18. Rad1 d5 19. Ne5 dxc4 20. Bxc4 Nd5 21. Qg4 Rc7 22. Bd3 Qg5 23. Qxg5 hxg5 24. Be4 Rfc8 25. g3 f6 26. Nd3 Kf7 27. Re2 a5 28. Red2 Rc4 29. Ne1 R8c7 30. Nc2 Nc3 31. bxc3 Bxe4 32. Ne3 Rxc3 33. d5 Bf3 34. dxe6+ Kxe6 35. Rd6+ Kf7 36. Re1 b5 37. Rb6 Rb7 38. Ra6 Rxa3 39. Nf5 Kg6 40. Nd4 a4 41. Ra5 Rd3 42. Nxf3 Rxf3 43. Rb1 Rb3 44. Rxb3 axb3 45. Ra3 Kf5 46. Rxb3 Ke4 47. Kf1 Kd4 0-1